Pokemon Flying-Type - Statistics

General Stats
  • This quiz has been taken 6 times
  • The average score is 136 of 194
Answer Stats
Hint Answer % Correct
0142 Aerodactyl
100%
0142A Aerodactyl (Mega)
100%
0144A Articuno (Galarian)
100%
0144 Articuno (Kantonian)
100%
0267 Beautifly
100%
0012 Butterfree
100%
0012A Butterfree (Gigantamax)
100%
0006 Charizard
100%
0006C Charizard (Gigantamax)
100%
0006B Charizard (Mega Y)
100%
0169 Crobat
100%
0169A Crobat (Alpha)
100%
0085 Dodrio
100%
0084 Doduo
100%
0149 Dragonite
100%
0083 Farfetch'd (Kantonian)
100%
0022 Fearow
100%
0662 Fletchinder
100%
0661 Fletchling
100%
0042 Golbat
100%
0042 Golbat (Alpha)
100%
0250 Ho-Oh
100%
0163 Hoothoot
100%
0249 Lugia
100%
0146A Moltres (Galarian)
100%
0146 Moltres (Kantonian)
100%
0177 Natu
100%
0164 Noctowl
100%
0018 Pidgeot
100%
0018A Pidgeot (Mega)
100%
0017 Pidgeotto
100%
0016 Pidgey
100%
0123 Scyther
100%
0123A Scyther (Alpha)
100%
0227 Skarmory
100%
0021 Spearow
100%
0277 Swellow
100%
0276 Taillow
100%
0663 Talonflame
100%
0468 Togekiss
100%
0468A Togekiss (Alpha)
100%
0176 Togetic
100%
0176A Togetic (Alpha)
100%
0178 Xatu
100%
0145A Zapdos (Galarian)
100%
0145 Zapdos (Kantonian)
100%
0041 Zubat
100%
0041A Zubat (Alpha)
100%
0334 Altaria
75%
0267A Beautifly (Alpha)
75%
0797 Celesteela
75%
0441 Chatot
75%
0441A Chatot (Alpha)
75%
0723 Dartrix
75%
0723A Dartrix (Alpha)
75%
0580 Ducklett
75%
0587 Emolga
75%
0130 Gyarados
75%
0130B Gyarados (Alpha)
75%
0430 Honchkrow
75%
0430A Honchkrow (Alpha)
75%
0645 Landorus (Incarnate Forme)
75%
0645A Landorus (Therian Forme)
75%
0166 Ledian
75%
0165 Ledyba
75%
0630 Mandibuzz
75%
0226 Mantine
75%
0226A Mantine (Alpha)
75%
0458 Mantyke
75%
0458A Mantyke (Alpha)
75%
0198 Murkrow
75%
0198A Murkrow (Alpha)
75%
0714 Noibat
75%
0715 Noivern
75%
0279 Pelipper
75%
0519 Pidove
75%
0731 Pikipek
75%
0127A Pinsir (Mega)
75%
0722 Rowlet
75%
0722A Rowlet (Alpha)
75%
0627 Rufflet
75%
0627A Rufflet (Alpha)
75%
0373 Salamence
75%
0373A Salamence (Mega)
75%
0398 Staraptor
75%
0398A Staraptor (Alpha)
75%
0397 Staravia
75%
0397A Staravia (Alpha)
75%
0396 Starly
75%
0396A Starly (Alpha)
75%
0333 Swablu
75%
0581 Swanna
75%
0642 Thundurus (Incarnate Forme)
75%
0642A Thundurus (Therian Forme)
75%
0641 Tornadus (Incarnate Forme)
75%
0641A Tornadus (Therian Forme)
75%
0733 Toucannon
75%
0520 Tranquill
75%
0357 Tropius
75%
0732 Trumbeak
75%
0521 Unfezant
75%
0666I Vivillon (Archipelago Pattern)
75%
0666C Vivillon (Continental Pattern)
75%
0666E Vivillon (Elegant Pattern)
75%
0666R Vivillon (Fancy Pattern)
75%
0666D Vivillon (Garden Pattern)
75%
0666J Vivillon (High Plains Pattern)
75%
0666F Vivillon (Icy Snow Pattern)
75%
0666Q Vivillon (Jungle Pattern)
75%
0666H Vivillon (Marine Pattern)
75%
0666 Vivillon (Meodow Pattern)
75%
0666G Vivillon (Modern Pattern)
75%
0666M Vivillon (Monsoon Pattern)
75%
0666P Vivillon (Ocean Pattern)
75%
0666S Vivillon (Poke Ball Pattern)
75%
0666L Vivillon (River Pattern)
75%
0666K Vivillon (Sandstorm Pattern)
75%
0666N Vivillon (Savanna Pattern)
75%
0666A Vivillon (Solar Pattern)
75%
0666O Vivillon (Sun Pattern)
75%
0666B Vivillon (Tundra Pattern)
75%
0278 Wingull
75%
0193 Yanma
75%
0193A Yanma (Alpha)
75%
0469 Yanmega
75%
0469A Yanmega (Alpha)
75%
0493H Arceus (Flying Plate)
50%
0566 Archen
50%
0567 Archeops
50%
0628A Braviary (Hisuian)
50%
0628B Braviary (Hisuian) (Alpha)
50%
0628 Braviary (Unovanian)
50%
0415 Combee
50%
0415A Combee (Alpha)
50%
0823 Corviknight
50%
0823A Corviknight (Gigantamax)
50%
0822 Corvisquire
50%
0845 Cramorant
50%
0845B Cramorant (Gorging Form)
50%
0845A Cramorant (Gulping Form)
50%
0225 Delibird
50%
0426 Drifblim
50%
0426A Drifblim (Alpha)
50%
0425 Drifloon
50%
0425A Drifloon (Alpha)
50%
0207 Gligar
50%
0207A Gligar (Alpha)
50%
0472 Gliscor
50%
0472A Gliscor (Alpha)
50%
0701 Hawlucha
50%
0187 Hoppip
50%
0189 Jumpluff
50%
0941 Kilowattrel
50%
0248 Masquerain
50%
0414 Mothim
50%
0414A Mothim (Alpha)
50%
0291 Ninjask
50%
0741 Oricorio (Baile Style)
50%
0741B Oricorio (Pa'u Style)
50%
0741A Oricorio (Pom-Pom Style)
50%
0741C Oricorio (Sensu Style)
50%
0384 Rayquaza
50%
0384A Rayquaza (Mega)
50%
0821 Rookidee
50%
0479A Rotom (Fan)
50%
0479L Rotom (Fan) (Alpha)
50%
0492A Shaymin (Sky Form)
50%
0561 Sigilyph
50%
0773H Silvally (Flying Memory)
50%
0188 Skiploom
50%
0528 Swoobat
50%
0416 Vespiquen
50%
0416A Vespiquen (Alpha)
50%
0629 Vullaby
50%
0940 Wattrel
50%
0527 Woobat
50%
0717 Yveltal
50%
0962 Bombirdier
25%
0905 Enamorus (Incarnate Forme)
25%
0905A Enamorus (Therian Forme)
25%
0973 Flamigo
25%
0993 Iron Jugulis
25%
0774A Minior (Blue Core)
25%
0774B Minior (Green Core)
25%
0774C Minior (Indigo Core)
25%
0774 Minior (Meteor Form)
25%
0774D Minior (Orange Core)
25%
0774E Minior (Red Core)
25%
0774F Minior (Violet Core)
25%
0774G Minior (Yellow Core)
25%
0931A Squawkabilly (Blue Plumage)
25%
0931 Squawkabilly (Green Plumage)
25%
0931C Squawkabilly (White Plumage)
25%
0931B Squawkabilly (Yellow Plumage)
25%
No matching quizzes found
Score Distribution
Percent of People with Each Score
Percentile by Number Answered
Your Score History
You have not taken this quiz